Evaluación educativa
محفوظ في:
| المؤلفون الرئيسيون: | , |
|---|---|
| التنسيق: | كتاب |
| اللغة: | الإسبانية |
| منشور في: |
Salamanca
Universidad de Salamanca
1996
|
| سلاسل: | Documentos Didácticos, 158
|
| الموضوعات: | |
| الوسوم: |
إضافة وسم
لا توجد وسوم, كن أول من يضع وسما على هذه التسجيلة!
|
MARC
| LEADER | 00000nam a2200000 a 4500 | ||
|---|---|---|---|
| 001 | UCP2737 | ||
| 003 | CL-VaPUC | ||
| 008 | 990528e19960000SP |||||||||||||||||spa|d | ||
| 082 | 0 | 4 | |a 371.26 |b ROD |2 21 |
| 100 | 0 | |a Rodríguez Diéguez, José Luis |e author |9 429684 | |
| 700 | 0 | |a Tejedor Tejedor, Francisco Javier |e author |9 429685 | |
| 245 | 1 | 0 | |a Evaluación educativa |
| 300 | |a v | ||
| 942 | |c BK | ||
| 945 | |d 19990528 00:00:00 |a rbrito | ||
| 260 | |a Salamanca |b Universidad de Salamanca |c 1996 | ||
| 500 | |a v.1: Evaluación de los aprendizajes de los alumnos;v.2: Evaluación institucional: fundamentos teóricos y aplicaciones prácticas | ||
| 650 | 0 | |a Evaluación de la educación |9 237505 | |
| 583 | |a last modification |c 19990528 00:00:00 |k Rodrigo Vera | ||
| 490 | 0 | |a Documentos Didácticos, 158 | |
| 999 | |c 281221 |d 281219 | ||
| 952 | |0 0 |1 0 |4 0 |6 371_260000000000000_ROD_1996 |7 0 |8 A |9 321901 |a BIBEDU |b BIBEDU |d 2019-11-20 |h v.1 |i 3523128 |o 371.26 ROD 1996 |p 3523128 |r 2019-11-20 |w 2019-11-20 |y BK |k EDU | ||
| 952 | |0 0 |1 0 |4 0 |6 371_260000000000000_ROD_1996 |7 0 |8 A |9 321902 |a BIBEDU |b BIBEDU |d 2019-11-20 |h v.2 |i 3523136 |o 371.26 ROD 1996 |p 3523136 |r 2019-11-20 |w 2019-11-20 |y BK |k EDU | ||